000 00773cab a2200229 4500
001 WB3342-04
008 090401t1997 xxu||||| |||| 00| 0 eng d
035 _a(Sirsi) u81796
041 _aeng
245 _aLandlords asbestos action
260 _c1997
350 _a0
490 _aContract Journal
_v391(6149) 29 October 1997, 8(1)
520 _aThe Health and Safety Executive is urged by the Construction Safety Campaign to place a duty on landlords to survey properties for asbestos.
650 _aMANAGEMENT-HEALTH AND SAFETY-HAZARDOUS SUBSTANCES-ASBESTOS
650 _aCONSTRUCTION SAFETY CAMPAIGN
650 _aHEALTH AND SAFETY EXECUTIVE
650 _aLANDLORDS
690 _aBUILT ENVIRONMENT-BUILDING MATERIALS
942 _n0
948 _c30/10/1997
999 _c51574
_d51574